00540nam a22001697a 450000500170000001000150001702000270003203500140005903700130007308200140008610000160010024500930011626000410020927000460025030000240029650000500032020170509115149.0 aENG-117778 c1850.00a9789386224187 aEN-101310 bDBAD/PUB a332.10954 aGupta, Renu aBanking reforms and competition :cby Renu Gupta bstructure, conduct and performance /  aNew DelhibRegal Publications c2016 aF-159, Rajouri Garden bNew Delhie110027 axv, 420p.c22cm(Hb) aIncludes bibliographical references and index